000 00738nam a2200217 a 4500
001 39117
003 BD-RjUL
005 20211209052924.0
008 160405t1993 bg ||||e |||| 00| 0 ben d
020 _cTk. 35.00
035 _a(BD-RjUL)39229
040 _aBD-RjUL
_beng
_cBD-RjUL
041 _aeng
082 _223
_a891.442
_bALM 1993
100 _aআলম, নাজমুল.
_9120705
245 1 0 _aমরা মানুষের পাঠশালা /
_cনাজমুল আলম.
260 _aঢাকা :
_bবাংলাদেশ শিল্পকলা একাডেমী ,
_c১৯৯৩ .
300 _a[১২] ,১১৬ পৃ. :
_c২২ সেমি.
650 _aBengali Drama
_9120706
942 _2ddc
_cBK
999 _c39117
_d39117